Geography Quiz

Random Geography or City Quiz

Growing American Cities Quiz Stats

 Plays Quiz Updated Apr 6, 2016

Challenge
Share
Tweet
Embed
Score 0/30 Timer 08:00
0 Plays Today
Rank City % Correct
4New York, NY
89.7%
13Los Angeles, CA
87%
5Houston, TX
79.3%
17San Diego, CA
73.3%
8Phoenix, AZ
72.6%
6Austin, TX
65%
9Las Vegas, NV
64.3%
3San Antonio, TX
62.2%
15Jacksonville, FL
45.4%
2Charlotte, NC
45.1%
23Oklahoma City, OK
44.2%
30Sacramento, CA
42.6%
7Raleigh, NC
42.1%
1Fort Worth, TX
41.8%
16El Paso, TX
41.6%
Rank City % Correct
14Albuquerque, NM
34.9%
22Columbus, OH
33.5%
27Fresno, CA
21.3%
11Bakersfield, CA
15%
18Henderson, NV
13.7%
10North Las Vegas, NV
9.5%
29Laredo, TX
8.7%
25Irvine, CA
8.6%
28Chandler, AZ
6.6%
12Gilbert, AZ
5.4%
24Chula Vista, CA
5%
19Fayetteville, NC
3.6%
20McKinney, TX
2.2%
21Port St. Lucie, FL
1.8%
26Fontana, CA
1.5%

You're not logged in!

Compare scores with friends on all Sporcle quizzes.
Join for Free
OR
Log In

You Might Also Like...

Show Comments

Extras

Top Quizzes Today


Score Distribution

Your Account Isn't Verified!

In order to create a playlist on Sporcle, you need to verify the email address you used during registration. Go to your Sporcle Settings to finish the process.

Report this User

Report this user for behavior that violates our Community Guidelines.

Details: